[Event "ISR-chT"]
[Site "Israel"]
[Date "2002.04.12"]
[Round "8"]
[White "Pasman, Michael"]
[Black "Gershon, Alik"]
[Result "0-1"]
[WhiteElo "2310"]
[BlackElo "2558"]
[PlyCount "66"]
[EventDate "2002.01.10"]
[EventType "team-tourn"]
[EventRounds "11"]
[EventCountry "ISR"]
[SourceTitle "EXT 2003"]
[Source "ChessBase"]
[SourceDate "2002.11.25"]
[SourceVersion "1"]
[SourceVersionDate "2002.11.25"]
[SourceQuality "1"]

1. e4 c5 2. Nf3 Nc6 3. Bb5 e6 4. 0-0 Nge7 5. Re1 a6 6. Bxc6 Nxc6 7. d4 cxd4 8. Nxd4 Qc7 9. Nc3 Bd6 10. Nd5 exd5 11. exd5+ Ne5 12. f4 0-0 13. fxe5 Bxe5 14. Nf3 d6 15. Nxe5 dxe5 16. d6 Qc5+ 17. Be3 Qc6 18. c4 Be6 19. c5 f5 20. b4 f4 21. Bd4 e4 22. Bb2 Rf5 23. Qg4 Rf6 24. Qg5 Rg6 25. Qxf4 Bh3 26. Re2 e3 27. g3 Re8 28. Rd1 Rg4 29. d7 Rxf4 30. dxe8Q+ Qxe8 31. gxf4 Bg4 32. Bf6 Qe4 33. Rd8+ Kf7 0-1

[Event "ISR-chT"]
[Site "Israel"]
[Date "2002.03.15"]
[Round "7"]
[White "Manor, Ilan"]
[Black "Pasman, Michael"]
[Result "0-1"]
[WhiteElo "2502"]
[BlackElo "2310"]
[PlyCount "60"]
[EventDate "2002.01.10"]
[EventType "team-tourn"]
[EventRounds "11"]
[EventCountry "ISR"]
[SourceTitle "EXT 2003"]
[Source "ChessBase"]
[SourceDate "2002.11.25"]
[SourceVersion "1"]
[SourceVersionDate "2002.11.25"]
[SourceQuality "1"]

1. c4 c6 2. d4 d5 3. Nf3 Nf6 4. Nc3 dxc4 5. Ne5 b5 6. g3 Bb7 7. Bg2 Nbd7 8. Nxc6 Qb6 9. d5 e6 10. 0-0 b4 11. Na4 Qa6 12. dxe6 Bxc6 13. exd7+ Nxd7 14. b3 c3 15. e4 Rd8 16. Bg5 f6 17. Be3 Ne5 18. Qc2 Qd3 19. Rfc1 Qxc2 20. Rxc2 Bxa4 21. bxa4 a5 22. Bf1 Nf3+ 23. Kg2 Nd4 24. Rcc1 Bc5 25. Bc4 Ke7 26. Rd1 Ne6 27. Bxe6 Bxe3 28. Bb3 Bd2 29. a3 bxa3 30. Rxa3 Rb8 0-1

[Event "ISR-chT"]
[Site "Israel"]
[Date "2002.02.02"]
[Round "4"]
[White "Pasman, Michael"]
[Black "Zilberman, Yaacov"]
[Result "1-0"]
[WhiteElo "2310"]
[BlackElo "2466"]
[PlyCount "57"]
[EventDate "2002.01.10"]
[EventType "team-tourn"]
[EventRounds "11"]
[EventCountry "ISR"]
[SourceTitle "EXT 2003"]
[Source "ChessBase"]
[SourceDate "2002.11.25"]
[SourceVersion "1"]
[SourceVersionDate "2002.11.25"]
[SourceQuality "1"]

1. e4 c5 2. Nf3 Nc6 3. Bb5 g6 4. 0-0 Bg7 5. Re1 Nf6 6. e5 Nd5 7. Bxc6 dxc6 8. d4 cxd4 9. Qxd4 Bf5 10. Na3 Qc7 11. c3 a5 12. Qh4 h6 13. Nc4 0-0-0 14. Nd4 Bd3 15. Qh3+ Bf5 16. Nxf5 gxf5 17. Qxf5+ Kb8 18. Qxf7 Rhg8 19. a4 Qc8 20. Qh5 Rdf8 21. e6 Qc7 22. Ne5 Bxe5 23. Qxe5 Rg6 24. Bd2 Rff6 25. c4 Nb4 26. Bc3 Rxe6 27. Qh8+ Ka7 28. Be5 Qb6 29. c5 1-0

[Event "ISR-chT"]
[Site "Israel"]
[Date "2002.01.12"]
[Round "1"]
[White "Pasman, Michael"]
[Black "Huzman, Alexander"]
[Result "0-1"]
[WhiteElo "2310"]
[BlackElo "2580"]
[PlyCount "52"]
[EventDate "2002.01.10"]
[EventType "team-tourn"]
[EventRounds "11"]
[EventCountry "ISR"]
[SourceTitle "EXT 2003"]
[Source "ChessBase"]
[SourceDate "2002.11.25"]
[SourceVersion "1"]
[SourceVersionDate "2002.11.25"]
[SourceQuality "1"]

1. e4 c5 2. Nf3 d6 3. Bb5+ Bd7 4. Bxd7+ Qxd7 5. 0-0 Nc6 6. c3 d5 7. exd5 Qxd5 8. d4 e6 9. c4 Qxc4 10. Na3 Qd5 11. Nb5 Rc8 12. Bf4 cxd4 13. Qa4 Nf6 14. Nc7+ Rxc7 15. Bxc7 Nd7 16. Rad1 Bc5 17. b4 Qc4 18. Rb1 Nb6 19. Bxb6 Bxb6 20. Rfc1 Qd5 21. b5 Ne7 22. Qb4 f6 23. a4 Qd8 24. Qa3 Kf7 25. a5 Bxa5 26. Nxd4 Qb6 0-1

[Event "ISR-ch"]
[Site "Israel"]
[Date "1984.??.??"]
[Round "?"]
[White "Birnboim, Nathan"]
[Black "Pasman, Michael"]
[Result "1-0"]
[WhiteElo "2440"]
[BlackElo "2335"]
[PlyCount "87"]
[EventDate "1984.??.??"]
[EventType "tourn"]
[EventRounds "15"]
[EventCountry "ISR"]
[EventCategory "5"]
[SourceTitle "MCD"]
[Source "ChessBase"]
[SourceDate "1999.07.01"]
[SourceVersion "1"]
[SourceVersionDate "1999.07.01"]
[SourceQuality "1"]

1. d4 Nf6 2. c4 c5 3. d5 b5 4. Nf3 g6 5. cxb5 a6 6. e3 axb5 7. Bxb5 Qa5+ 8. Nc3 Ne4 9. Qb3 Bg7 10. Bd2 Nxd2 11. Nxd2 Na6 12. 0-0 0-0 13. a4 Nc7 14. Nc4 Qb4 15. Qc2 Nxb5 16. axb5 Bb7 17. Nb6 Rxa1 18. Rxa1 Bxc3 19. bxc3 Qxb5 20. Rb1 Qa5 21. Qb2 Ba6 22. Nxd7 Rd8 23. Qb6 Qxb6 24. Nxb6 Bd3 25. Ra1 Kf8 26. f3 Ke8 27. Ra5 Rb8 28. Na4 c4 29. e4 Kd8 30. Kf2 Rb1 31. Ke3 Rg1 32. Ra8+ Kc7 33. Ra7+ Kd8 34. e5 Bc2 35. Nb6 Rd1 36. Rd7+ Ke8 37. Rc7 Kf8 38. Rxc4 Bb3 39. Rd4 Re1+ 40. Kf2 Rc1 41. d6 Ke8 42. c4 Rc2+ 43. Kg3 g5 44. Rd5 1-0

[Event "Beersheba"]
[Site "Beersheba"]
[Date "1984.??.??"]
[Round "2"]
[White "Greenfeld, Alon"]
[Black "Pasman, Michael"]
[Result "0-1"]
[WhiteElo "2470"]
[BlackElo "2335"]
[PlyCount "72"]
[EventDate "1984.??.??"]
[EventType "tourn"]
[EventRounds "13"]
[EventCountry "ISR"]
[EventCategory "9"]
[SourceTitle "MCL"]
[Source "ChessBase"]
[SourceDate "1999.07.01"]
[SourceVersion "1"]
[SourceVersionDate "1999.07.01"]
[SourceQuality "1"]

1. Nf3 Nf6 2. c4 c5 3. Nc3 e6 4. g3 b6 5. Bg2 Bb7 6. 0-0 Be7 7. d4 cxd4 8. Qxd4 d6 9. Bg5 a6 10. Bxf6 Bxf6 11. Qd3 Ra7 12. Rad1 Be7 13. Nd4 Bxg2 14. Kxg2 Qc8 15. f4 g6 16. b3 0-0 17. h4 b5 18. cxb5 Rc7 19. Rf3 e5 20. Nd5 Qb7 21. b6 Qxd5 22. bxc7 e4 23. cxb8Q Rxb8 24. Qxa6 exf3+ 25. exf3 Bf6 26. Qc6 Qa5 27. Qxd6 Rb6 28. Nc6 Qc3 29. Re1 Qxe1 30. Qxf6 Qd2+ 31. Kg1 Qc1+ 32. Kh2 Qc2+ 33. Kh3 Qxc6 34. Qd8+ Kg7 35. h5 Qe6+ 36. g4 gxh5 0-1